02771nam a22002537a 450000500170000000800410001702000180005804000070007604100120008308200220009510000280011724500740014526000370021930000260025636500550028252018430033765000270218065000320220765000360223970000280227594200120230399900190231595201830233420240220093832.0240219b ||||| |||| 00| 0 eng d a9781743796757 cAL aEnglish 223a320.954bKILP aSteve Killelea 9152018 aPeace in the Age of Chaos: The Best Solution for a Sustainable Future aLondonbHardie Grant Booksc2020 a296 p.bPBc23x15 cm. a7699b₹1376.00c₹d₹1720.00e20%f13-02-2024 aPeace in an Age of Chaos offers a new way of conceptualising how to create a peaceful world, from Steve Killelea, creator of the Global Peace Index and founder of world-renowned think tank, the Institute for Economics and Peace. The major challenges facing humanity are global in nature: climate change, ever decreasing biodiversity, full use of the fresh water on the planet, to name a few. Unless the world is basically peaceful, we will never get the trust, cooperation and inclusiveness to solve these issues, yet what creates peace is poorly understood. Working on an aid program in one of the most violent places in the world, North East Kivu in the DR Congo, philanthropist and business leader Steve Killelea asked himself, What are the most peaceful nations? Unable to find an answer, he created the world's leading measure of peace, the Global Peace Index, which receives over 16 billion media impressions annually and has become the definitive go to index for heads of state. Steve Killelea then went on to establish world-renowned think tank, the Institute for Economics and Peace. Today its work is used by organisations such as the World Bank, United Nations and Organisation for Economic Co-operation and Development (OECD) and taught in thousands of university courses around the world. Peace in the Age of Chaos tells of Steve's personal journey to measure and understand peace. It explores the practical application of his work, which is gathering momentum at a rapid pace. In this time when we are faced with environmental, social and economic challenges, this book shows us a way forward where Positive Peace, described as creating the optimal environment for human potential to flourish, can lead to a paradigm shift in the ways societies can be managed, thereby transcending and reinvigorating western democracies. aPeace-Building9152000 aPeace -- Statistics9152001 aSustainable Development9152002 aKILLELEA(Steve)9151995 2ddccBK c229871d229871 00102ddc40708PSaALbALd2024-02-19eBiblios Book Point Surathkal Mangalore 575014g1376.00l4o320.954 KILPp077093r2025-10-14 16:24:50s2025-09-27v1720.00w2024-02-19yBK